000 00887nas a2200289 4500
001 BR0905180
003 BR-BrBNA
005 20231205113621.0
007 ta
008 230509b bl.|||p| |||| 00| 00por d
040 _aBR-BrBNA
_bpor
_cBiblioteca Nacional de Agricultura
041 _a(Pt)
072 _aE51; L20
100 1 _aVargas, F.C.
100 1 _aVargas, S.C.
100 1 _aMoro, M.E.G.
100 1 _aSilva, V.
100 1 _aCarrer, C.R.O.
245 1 _aMonitoramento populacional de capivaras (Hydrochaeris hydrochaeris Linnaeus, 1766)em Pirassurunga, SP, Brasil
650 _aCAPIVARA
650 _aCOMPORTAMENTO ANIMAL
650 _aDENSIDADE DEMOGRÁFICA
650 _aSÃO PAULO
773 0 _tCiência Rural (Brazil)
_xISSN 0103-8478
_g(Jul-Aug 2007), v. 37(4) p. 1104-1108
_wBR0905180
909 _a202311
_bLúcia
_c55
_dLúcia Elande
942 _2AGRIS
_n0
_cANA
999 _c204726
_d204726